The Collected contributions of Fred L.Whipple (Record no. 4675)

MARC details
000 -LEADER
fixed length control field 00642nam a2200181Ia 4500
003 - CONTROL NUMBER IDENTIFIER
control field IN-BaIIA
008 - FIXED-LENGTH DATA ELEMENTS--GENERAL INFORMATION
fixed length control field 211028s9999 xx 000 0 eng d
040 ## - CATALOGING SOURCE
Transcribing agency IIA Library
080 ## - UNIVERSAL DECIMAL CLASSIFICATION NUMBER
Universal Decimal Classification number 081:52
Item number WHI-1
100 ## - MAIN ENTRY--PERSONAL NAME
Personal name Whipple, Fred L
9 (RLIN) 1290
245 #4 - TITLE STATEMENT
Title The Collected contributions of Fred L.Whipple
Remainder of title vol. 1, meteors and comets and the interplanetary complex
Statement of responsibility, etc. Fred L. Whipple
260 ## - PUBLICATION, DISTRIBUTION, ETC.
Place of publication, distribution, etc. Cambridge
Name of publisher, distributor, etc. Smithsonian Astrophysical Observatory
Date of publication, distribution, etc. 1972
300 ## - PHYSICAL DESCRIPTION
Extent xv, 965p.
650 ## - SUBJECT ADDED ENTRY--TOPICAL TERM
Topical term or geographic name entry element  Collected Works-Fred L.Whipple 
9 (RLIN) 8278
650 ## - SUBJECT ADDED ENTRY--TOPICAL TERM
Topical term or geographic name entry element  Fred L.Whipple Collected Works
9 (RLIN) 8279
650 ## - SUBJECT ADDED ENTRY--TOPICAL TERM
Topical term or geographic name entry element Astronomy and Astrophysics Thesaurus
942 ## - ADDED ENTRY ELEMENTS (KOHA)
Koha item type Books
Holdings
Withdrawn status Lost status Damaged status Not for loan Home library Current library Shelving location Date acquired Total Checkouts Full call number Barcode Date last seen Price effective from Koha item type
        IIA Library-Bangalore IIA Library-Bangalore General Stacks 12/02/1975   081:52/ WHI-1 5218 05/11/2021 12/02/1975 Books

Powered by Koha